| 000 | 01180nam a22003017a 4500 | ||
|---|---|---|---|
| 005 | 20240530110859.0 | ||
| 008 | 220202s2003 le g 000 0 ara d | ||
| 020 | _a9953280371 | ||
| 040 |
_aEG-CaGPL _cEG-CaGPL |
||
| 082 | 0 | 4 |
_221 _a304.66/ _bد س |
| 100 | 1 | _aدرميناخ، هيرفه | |
| 245 | 1 | 2 |
_aالسكان والبيئة / _cهيرفه درميناخ، ميشال بيكويه ؛ تعريب جورجيت الحداد |
| 250 | _aط.1 | ||
| 260 |
_aبيروت : _bعويدات للنشر والطباعة، _c2003. |
||
| 300 |
_a126 ص. ؛ _c24 سم. |
||
| 650 | 0 | 7 |
_2qrmak _aالجغرافيا السكانية |
| 650 | 0 | 7 |
_2qrmak _aالجغرافيا البشرية |
| 650 | 0 | 7 |
_2qrmak _aالمشاكل السكانية |
| 650 | 0 | 7 |
_2qrmak _aالبيئة والانسان |
| 650 | 0 | 7 |
_2qrmak _aالموارد البشرية |
| 650 | 0 | 7 |
_2qrmak _aالسكان _xالمشاكل الاقتصادية |
| 650 | 0 | 7 |
_2qrmak _aالتغير الاجتماعى |
| 651 | _2qrmak | ||
| 700 | 1 |
_a بيكويه، ميشال _eمؤلف مشارك |
|
| 700 | 0 |
_aجورجيت الحداد _eمترجم |
|
| 942 |
_2ddc _cBK |
||
| 999 |
_c66103 _d66103 |
||